00200nam a2200073Ia 4500008004100000082000800041100002300049245005400072240331s9999 xx 000 0 und d bWOM aVoice of women. ed 0aWomen workers in the free trade zone of Sri Lanka